Signes astrologiques - Les éléments par signe - Statistiques

Statistiques générales
  • Ce quiz a été pris 438 fois
  • Le résultat moyen est 10 sur 12
Statistiques - réponses
Signes Éléments % Correct
Bélier Feu
97%
Taureau Terre
94%
Lion Feu
90%
Cancer Eau
88%
Vierge Terre
87%
Gémeaux Air
86%
Balance Air
84%
Scorpion Eau
83%
Sagittaire Feu
81%
Poisson Eau
79%
Capricorne Terre
79%
Verseau Air
76%
Aucun quiz correspondant
Distribution des résultats
% des personnes avec chaque résultat
Percentile par nombre de réponses
Votre historique - résultats
Vous n’avez pas pris ce quiz